000 00656nam a2200241Ia 4500
003 OSt
005 20220918192720.0
006 a|||||r|||| 00| 0
007 ta
008 220917b |||||||| |||| 00| 0 eng d
024 _a69,764
037 _cTextual
040 _aARTS
_cARTS
_beng
041 _2eng
_aeng
082 _aQ, K7
100 _aMagee John B.
_979889
245 0 _aReligion and modern man
_b a study of the religions meaning of being human
260 _aNew York
_bHarper and Row USA
_c1967
300 _axiv,510p.
_ccm.
650 _aRELIGION
942 _hQ, K7
_cTEXL
_2CC
999 _c195894
_d195894